01389cam a22003734i 4500003000900000005001700009008004100026020001500067020001800082035002700100040004300127082001900170100002800189245008000217264005000297300003800347336002100385337002500406338002300431505035900454505006700813526001000880526001000890526001000900526001000910526000800920526000800928526000800936526000800944526000800952526000800960526000800968650003900976PE-LiUPU20250731173504.0150616s1993 miu r 000 0 eng d a0801082323 a9780801082320 a(Sirsi) i9780801082320 aPE-LiUPUbspacPE-LiUPUerdadPE-LiUPU04a270.9bS312211 aSchaff, Philip,eautor.14aThe Creeds The Creeds of Christendom With a History and Critical Notes.n3. 1aGrand Rapids, Michigan :bBaker Books,c1993. a966 páginas ;c21 centímetros atext2rdacontent aunmediated2rdamedia avolume2rdacarrier0 aVolumen 1,tThe history of creeds.aOn creeds in general -- The cecumenical creeds -- The creeds og the greek church -- The creeds of the Roman church -- The creeds of the evangelical protestant churches -- The creeds of the evangelical lutheran church -- The creeds of the evangelical reformed churches -- The creeds of modern evangelical denominations.0 aThe creeds of the evangelical Protestant Churches -- Churches. aSEG42 aSEG41 aSEG40 aSEG39 aP94 aP87 aP86 aP85 aP77 aP76 aP3504aLUTERO, MARTIN, 1483-1546 - OBRAS.